LEADER 02168nam0 2200481 i 450 001 VAN00124143 005 20240806100815.526 017 70$2N$a9783319645728 100 $a20191008d2017 |0itac50 ba 101 $aeng 102 $aCH 105 $a|||| ||||| 200 1 $aCorpus Linguistics and Statistics with R$eIntroduction to Quantitative Methods in Linguistics$fGuillaume Desagulier 210 $aCham$cSpringer$d2017 215 $axiii, 353 p.$cill.$d24 cm 410 1$1001VAN00103266$12001 $aQuantitative methods in the humanities and social sciences$1210 $aBerlin [etc.]$cSpringer$d2014- 500 1$3VAN00235539$aCorpus Linguistics and Statistics with R$91562544 606 $a62-XX$xStatistics [MSC 2020]$3VANC022998$2MF 606 $a68-XX$xComputer science [MSC 2020]$3VANC019670$2MF 606 $a91-XX$xGame theory, economics, finance, and other social and behavioral sciences [MSC 2020]$3VANC025601$2MF 606 $a91F20$xLinguistics [MSC 2020]$3VANC031205$2MF 610 $aCategorical data$9KW:K 610 $aClustering methods$9KW:K 610 $aData organization$9KW:K 610 $aFrequency data$9KW:K 610 $aLinguistics with R$9KW:K 610 $aModeling$9KW:K 610 $aQuantitative methods for linguistics$9KW:K 610 $aR package linguistics$9KW:K 610 $aRegression methods$9KW:K 610 $aStatistics for linguistics$9KW:K 610 $aTextual data analysis$9KW:K 620 $aCH$dCham$3VANL001889 700 1$aDesagulier$bGuillaume$3VANV095613$0767498 712 $aSpringer $3VANV108073$4650 801 $aIT$bSOL$c20241115$gRICA 856 4 $uhttp://doi.org/10.1007/978-3-319-64572-8$zE-book ? Accesso al full-text attraverso riconoscimento IP di Ateneo, proxy e/o Shibboleth 899 $aBIBLIOTECA DEL DIPARTIMENTO DI MATEMATICA E FISICA$1IT-CE0120$2VAN08 912 $fN 912 $aVAN00124143 950 $aBIBLIOTECA DEL DIPARTIMENTO DI MATEMATICA E FISICA$d08DLOAD e-book 0611 $e08eMF611 20191008 996 $aCorpus Linguistics and Statistics with R$91562544 997 $aUNICAMPANIA LEADER 02130nam0 22005293i 450 001 VAN00295515 005 20260407015151.230 017 70$2N$a9783034603348 100 $a20250624d1996 |0itac50 ba 101 $aeng 102 $aCH 105 $a|||| ||||| 181 $ai$b e 182 $ab 183 $acr 200 1 $aCardinal invariants on Boolean algebras$fJ. Donald Monk 210 $aBasel$cBirkhäuser$cSpringer$d1996 215 $aix, 301 p.$d24 cm 410 1$1001VAN00029329$12001 $aProgress in mathematics$1210 $aBoston [etc.]$cBirkhäuser$d1970-$v142 500 1$3VAN00240254$aCardinal invariants on Boolean algebras$9375229 606 $a03E10$xOrdinal and cardinal numbers [MSC 2020]$3VANC024494$2MF 606 $a03G05$xLogical aspects of Boolean algebras [MSC 2020]$3VANC024493$2MF 610 $aBoolean algebra$9KW:K 610 $aCardinal functions$9KW:K 610 $aCellularity$9KW:K 610 $aFedorchukís theorem$9KW:K 610 $aForcing$9KW:K 610 $aLogic$9KW:K 610 $aProofs$9KW:K 610 $aSet Theory$9KW:K 610 $aUltraproducts$9KW:K 620 $aCH$dBasel$3VANL002076 700 1$aMonk$bJ. Donald$3VANV044025$035706 712 $aBirkhäuser $3VANV108193$4650 712 $aSpringer $3VANV108073$4650 790 1$aMonk, James Donald$zMonk, J. Donald$3VANV081118 790 1$aMonk, James D.$zMonk, J. Donald$3VANV240761 790 1$aMonk, J. D.$zMonk, J. Donald$3VANV261454 790 1$aMonk, J.D.$zMonk, J. Donald$3VANV261455 801 $aIT$bSOL$c20260410$gRICA 856 4 $uhttps://doi.org/10.1007/978-3-0346-0334-8$zE-book ? Accesso al full-text attraverso riconoscimento IP di Ateneo, proxy e/o Shibboleth 899 $aBIBLIOTECA DEL DIPARTIMENTO DI MATEMATICA E FISICA$1IT-CE0120$2VAN08 912 $fN 912 $aVAN00295515 950 $aBIBLIOTECA DEL DIPARTIMENTO DI MATEMATICA E FISICA$d08DLOAD e-Book 11995 $e08eMF11995 20250728 996 $aCardinal invariants on boolean algebras$9375229 997 $aUNICAMPANIA